BUBT Library Online Catalog

Vector Mechanics For Engineers (Record no. 5457)

000 -LEADER
fixed length control field 00573nam a22001937a 4500
003 - CONTROL NUMBER IDENTIFIER
control field BUBTL
008 - FIXED-LENGTH DATA ELEMENTS--GENERAL INFORMATION
fixed length control field 170522b xxu||||| |||| 00| 0 eng d
020 ## - INTERNATIONAL STANDARD BOOK NUMBER
International Standard Book Number 978-0-07-339813-6
082 ## - DEWEY DECIMAL CLASSIFICATION NUMBER
Classification number 620.1'05BEV
100 ## - MAIN ENTRY--PERSONAL NAME
9 (RLIN) 1214
Personal name Beer,Ferdinand P.
245 ## - TITLE STATEMENT
Title Vector Mechanics For Engineers
Remainder of title Statistics and Dynamics
260 ## - PUBLICATION, DISTRIBUTION, ETC. (IMPRINT)
Place of publication, distribution, etc. New York
Name of publisher, distributor, etc. McGraw Hill
Date of publication, distribution, etc. c2013
300 ## - PHYSICAL DESCRIPTION
Extent [xxxi],1315p.
Other physical details ills.
Dimensions 21cm.
650 #0 - SUBJECT ADDED ENTRY--TOPICAL TERM
9 (RLIN) 909
Topical term or geographic name as entry element Textile Engineering
700 ## - ADDED ENTRY--PERSONAL NAME
9 (RLIN) 1215
Personal name Beer,Ferdinand P.
856 ## - ELECTRONIC LOCATION AND ACCESS
Password 0
Logon 0
Link text Download
942 ## - ADDED ENTRY ELEMENTS (KOHA)
Source of classification or shelving scheme
Koha item type Books
Holdings
Withdrawn status Lost status Source of classification or shelving scheme Damaged status Not for loan Collection code Permanent location Current location Shelving location Date acquired Inventory number Total Checkouts Total Renewals Full call number Barcode Date last seen Date last checked out Copy number Price effective from Koha item type
          Non-fiction Bangladesh University of Business and Technology Library Bangladesh University of Business and Technology Library Textile Engineering Stacks 04/29/2017 24072 3 5 620.1'05BEV BUBTL-200324072 04/21/2022 03/06/2022 C-1 05/22/2017 Books
        Not For Loan Non-fiction Bangladesh University of Business and Technology Library Bangladesh University of Business and Technology Library Textile Engineering Stacks 04/29/2017 24073     620.1'05BEV BUBTL-200324073 05/22/2017   C-2 05/22/2017 Books
        Not For Loan Non-fiction Bangladesh University of Business and Technology Library Bangladesh University of Business and Technology Library Textile Engineering Stacks 04/29/2017 24074     620.1'05BEV BUBTL-200324074 05/22/2017   C-3 05/22/2017 Books
          Non-fiction Bangladesh University of Business and Technology Library Bangladesh University of Business and Technology Library Textile Engineering Stacks 04/29/2017 24075 2 4 620.1'05BEV BUBTL-200324075 04/03/2022 03/03/2022 C-4 05/22/2017 Books
          Non-fiction Bangladesh University of Business and Technology Library Bangladesh University of Business and Technology Library Textile Engineering Stacks 04/29/2017 24076 3 3 620.1'05BEV BUBTL-200324076 03/31/2022 03/03/2022 C-5 05/22/2017 Books

More Information About Library

Library Hours

  • Open: 9.00 am. to 9.00 pm.
  • Only Sunday: 9.00 am. to 6.00 pm.
  • Closed: Holiday

Contact to the University

Bangladesh University of Business and Technology Library

  • Mirpurl-2, 1216.
  • Phone:
  • Fax:
  • E-Mail: admin.library@bubt.edu.bd

Contact to the Library

Contact Person:

Md. Abdul Hakim Shah
Joint Librarian
PABX No:  113
Cell No: 01816332931
E-mail: official: admin.library@bubt.edu.bd
Personal: hakim.shah@bubt.edu.bd


BUBT Library

Copyright © 2021